00813nam a2200205Ia 4500999001500000020001800015082002300033100002700056245016500083260004300248300000800291440003100299504002600330650003200356650003100388650003200419700001700451942000700468952013200475 c3957d3957 a81-7871-024-2 a303.48254558 DAR-; aDarling, Malcolm Lyall 0aLittle republics Darling: socio-economic life and change in Haryana villages:socio-economic life and change in Haryana villages:reminiscences of a civil servant aGurgaonbHope India Publicationsc2004 a123 aHistory Source Book Series aincludes bibliography aRural development - Haryana aHaryana - Rural conditions aRural development - Haryana aYadav, K.C. cBK 00104070aNASSDOCbNASSDOCd2005-02-25eGOVINDi2005-02-11l0o303.48254558 DAR-;p40352r2019-04-18 00:00:00w2019-04-18yBK